00881 a2200169 4500003000500000005001700005040000900022082002100031100001600052245006000068250003000128260002700158300001300185505048800198610001300686650001200699Nust20221019143305.0 cNust a620.00420285,GIB aJohn W.Gibb aTeach Yourself Autocad 13 :bfor Windows /cJohn W.Gibb aCovers Through Version 13 aNew Delhi bBPB c1995 axi,371p; aGetting Started (Page-5), A Quick Tour of Auto CAD (Page-15), Drawing Commands (Page-47), Editing Commands (Page-83), More Editing Commands (Page-107), Still More Editing Commands (Page-129), Display Commands (Page-161), Precision Input (Page-197), Inquiry Commands (Page-219), Annotating the Drawing (Page-241), Using Block and External References (Page-289), Plotting and Peperspace (Page-313), Putting it all Together (Page-343), Configuring AutoCAD (Page-355), Index (Page-363).  aAutocad  aAutocad